[Event "Oslo Sveins op 3rd"]
[Site "Oslo"]
[Date "2010.06.20"]
[Round "5"]
[White "Skovgaard, Ib"]
[Black "McVay, Karsten"]
[Result "0-1"]
[WhiteElo "2059"]
[BlackElo "1875"]
[PlyCount "60"]
[EventDate "2010.06.18"]
[EventType "swiss"]
[EventRounds "9"]
[EventCountry "NOR"]
[SourceTitle "CBM 137 Extra"]
[Source "ChessBase"]
[SourceDate "2010.09.01"]
[SourceVersion "1"]
[SourceVersionDate "2010.09.01"]
[SourceQuality "1"]

1. e4 c5 2. Nf3 Nc6 3. d4 cxd4 4. Nxd4 e6 5. Be3 Qc7 6. Bd3 a6 7. 0-0 Nf6 8. Kh1 Be7 9. Nc3 0-0 10. f4 d6 11. Nxc6 bxc6 12. e5 dxe5 13. fxe5 Qxe5 14. Bd4 Qh5 15. Bxf6 Qxd1 16. Bxe7 Qh5 17. Rf3 Re8 18. Bf6 e5 19. Rg3 g6 20. Rf1 Qh6 21. Ne4 Qf8 22. a3 h6 23. Bc4 Be6 24. Bxe5 f5 25. Rxg6+ Kh7 26. Rxe6 Rxe6 27. Bxe6 Rd8 28. Bxf5+ Qxf5 29. Nf6+ Kg6 30. g4 Qxf1# 0-1

[Event "Oslo Sveins op 3rd"]
[Site "Oslo"]
[Date "2010.06.19"]
[Round "3"]
[White "McVay, Karsten"]
[Black "Mihajlov, Svetoslav"]
[Result "1-0"]
[WhiteElo "1875"]
[BlackElo "2117"]
[PlyCount "57"]
[EventDate "2010.06.18"]
[EventType "swiss"]
[EventRounds "9"]
[EventCountry "NOR"]
[SourceTitle "CBM 137 Extra"]
[Source "ChessBase"]
[SourceDate "2010.09.01"]
[SourceVersion "1"]
[SourceVersionDate "2010.09.01"]
[SourceQuality "1"]

1. d4 Nf6 2. c4 d6 3. Nc3 g6 4. e4 Bg7 5. Bd3 c5 6. d5 e6 7. Nge2 exd5 8. cxd5 0-0 9. 0-0 Re8 10. Ng3 a6 11. a4 Ng4 12. Be2 Qh4 13. Bxg4 Bxg4 14. Qd3 Nd7 15. f4 Rac8 16. b3 c4 17. bxc4 Nc5 18. Qc2 Bd7 19. Bb2 Rc7 20. Rad1 Rec8 21. e5 dxe5 22. d6 exf4 23. dxc7 fxg3 24. hxg3 Qxc4 25. Rf4 Qe6 26. Nd5 Bxb2 27. Qxc5 Kg7 28. Nb6 Bc6 29. Rd8 1-0

[Event "Wch U16 Girls"]
[Site "Vung Tau"]
[Date "2008.10.29"]
[Round "10"]
[White "McVay, Karsten"]
[Black "Danierova, Rayhon"]
[Result "1-0"]
[WhiteElo "1815"]
[BlackElo "1954"]
[PlyCount "75"]
[EventDate "2008.10.20"]
[EventType "swiss"]
[EventRounds "11"]
[EventCountry "VIE"]
[SourceTitle "EXT 2009"]
[Source "ChessBase"]
[SourceDate "2008.11.26"]
[SourceVersion "1"]
[SourceVersionDate "2008.11.26"]
[SourceQuality "1"]

1. d4 Nf6 2. c4 d6 3. Nc3 Nbd7 4. e4 e5 5. Nf3 c6 6. Be2 Be7 7. 0-0 0-0 8. Be3 Qc7 9. Rc1 a5 10. a3 Rd8 11. b4 Nf8 12. h3 Ng6 13. Qb3 Nh5 14. Rfd1 axb4 15. axb4 Nhf4 16. Bf1 f5 17. c5+ Kh8 18. cxd6 Bxd6 19. Nb5 Qe7 20. Nxd6 Rxd6 21. dxe5 Rxd1 22. Rxd1 fxe4 23. Bc5 Qe8 24. Ng5 Ne6 25. Bb6 Nxe5 26. Nxe4 Bd7 27. Nd6 Qf8 28. Qg3 Ng6 29. Bc4 Ngf4 30. Qe3 h6 31. Bc5 Nxc5 32. Nf7+ Kg8 33. bxc5 Nd5 34. Bxd5 cxd5 35. Ne5 Be6 36. Ng6 Qf7 37. Ne5 Qf5 38. Nf3 1-0

[Event "Wch U16 Girls"]
[Site "Vung Tau"]
[Date "2008.10.28"]
[Round "9"]
[White "Hattingh, Angelique"]
[Black "McVay, Karsten"]
[Result "0-1"]
[WhiteElo "1822"]
[BlackElo "1815"]
[PlyCount "72"]
[EventDate "2008.10.20"]
[EventType "swiss"]
[EventRounds "11"]
[EventCountry "VIE"]
[SourceTitle "EXT 2009"]
[Source "ChessBase"]
[SourceDate "2008.11.26"]
[SourceVersion "1"]
[SourceVersionDate "2008.11.26"]
[SourceQuality "1"]

1. e4 c5 2. Nf3 Nc6 3. d4 cxd4 4. Nxd4 e6 5. Nc3 Qc7 6. Be3 a6 7. Bd3 Nf6 8. 0-0 Bb4 9. f4 d6 10. Na4 Rb8 11. Nxc6 Qxc6 12. c3 Ba5 13. b4 Bc7 14. Qc2 b5 15. Nb2 Bb7 16. Bd4 e5 17. fxe5 dxe5 18. Be3 Nxe4 19. c4 bxc4 20. Nxc4 0-0 21. Rae1 f5 22. Qb2 Rbd8 23. Qb3 Kh8 24. Re2 Rf6 25. Rfe1 Rg6 26. Bxe4 Qxe4 27. Bg5 Qd4+ 28. Be3 Qg4 29. Qc2 f4 30. Bc5 e4 31. Rf2 Qh4 32. Kh1 e3 33. Rff1 f3 34. gxf3 Bxf3+ 35. Rxf3 Qxe1+ 36. Rf1 Qxf1# 0-1

[Event "Wch U16 Girls"]
[Site "Vung Tau"]
[Date "2008.10.26"]
[Round "7"]
[White "Motycakova, Monika"]
[Black "McVay, Karsten"]
[Result "1/2-1/2"]
[WhiteElo "2037"]
[BlackElo "1815"]
[PlyCount "87"]
[EventDate "2008.10.20"]
[EventType "swiss"]
[EventRounds "11"]
[EventCountry "VIE"]
[SourceTitle "EXT 2009"]
[Source "ChessBase"]
[SourceDate "2008.11.26"]
[SourceVersion "1"]
[SourceVersionDate "2008.11.26"]
[SourceQuality "1"]

1. e4 c5 2. Nf3 Nc6 3. Bb5 e6 4. 0-0 Nge7 5. c3 d5 6. exd5 exd5 7. d4 a6 8. Ba4 b5 9. Bc2 c4 10. Re1 g6 11. Bg5 Bg7 12. Ne5 Nxe5 13. dxe5 Be6 14. Nd2 0-0 15. Nf3 Qc7 16. Bxe7 Qxe7 17. Qd2 Rad8 18. Nd4 Qc7 19. f4 Rfe8 20. Re3 Bc8 21. Rae1 Qb6 22. Qf2 f6 23. exf6 Rxe3 24. Rxe3 Bxf6 25. f5 Bxd4 26. cxd4 Rf8 27. fxg6 hxg6 28. Qh4 Bf5 29. Bxf5 Rxf5 30. Re7 Rf7 31. Re5 c3 32. bxc3 b4 33. Re8+ Rf8 34. Rxf8+ Kxf8 35. cxb4 Qxb4 36. Qd8+ Kg7 37. Qc7+ Kh6 38. Qf4+ Kg7 39. Qe5+ Kh7 40. Kf2 Qb2+ 41. Qe2 Qxd4+ 42. Kg3 Qc3+ 43. Kg4 Qc8+ 44. Kg3 1/2-1/2

[Event "Wch U16 Girls"]
[Site "Vung Tau"]
[Date "2008.10.22"]
[Round "3"]
[White "Pavlidou, Ekaterini"]
[Black "McVay, Karsten"]
[Result "1-0"]
[WhiteElo "2139"]
[BlackElo "1815"]
[PlyCount "51"]
[EventDate "2008.10.20"]
[EventType "swiss"]
[EventRounds "11"]
[EventCountry "VIE"]
[SourceTitle "EXT 2009"]
[Source "ChessBase"]
[SourceDate "2008.11.26"]
[SourceVersion "1"]
[SourceVersionDate "2008.11.26"]
[SourceQuality "1"]

1. d4 d5 2. c4 Nc6 3. cxd5 Qxd5 4. e3 e5 5. Nc3 Bb4 6. Bd2 Bxc3 7. bxc3 Qd6 8. Bc1 Nf6 9. a4 Be6 10. Ba3 Qd7 11. Nf3 Bg4 12. Be2 0-0-0 13. h3 Bh5 14. g4 Bg6 15. Bb5 Qe6 16. 0-0 Ne4 17. Bxc6 Qxc6 18. Nxe5 Qf6 19. f4 Nxc3 20. Qe1 Be4 21. Qxc3 Qh4 22. Kh2 h5 23. g5 f6 24. Nf3 Bxf3 25. Rxf3 fxg5 26. Be7 1-0

[Event "Wch U16 Girls"]
[Site "Vung Tau"]
[Date "2008.10.20"]
[Round "1"]
[White "Papp, Petra"]
[Black "McVay, Karsten"]
[Result "1-0"]
[WhiteElo "2126"]
[BlackElo "1815"]
[PlyCount "73"]
[EventDate "2008.10.20"]
[EventType "swiss"]
[EventRounds "11"]
[EventCountry "VIE"]
[SourceTitle "EXT 2009"]
[Source "ChessBase"]
[SourceDate "2008.11.26"]
[SourceVersion "1"]
[SourceVersionDate "2008.11.26"]
[SourceQuality "1"]

1. e4 c5 2. Nf3 Nc6 3. d4 cxd4 4. Nxd4 e6 5. Nb5 d6 6. c4 Nf6 7. N1c3 a6 8. Na3 Be7 9. Be2 0-0 10. 0-0 b6 11. Be3 Bb7 12. f3 Ne5 13. Qd2 Rc8 14. Rfd1 Qc7 15. Rac1 Rfd8 16. Nab1 Ned7 17. a3 Nc5 18. Qc2 Qb8 19. b4 Ncd7 20. Qa2 Qa8 21. Bf1 h6 22. Na4 Rc6 23. Qf2 Qa7 24. Nd2 Ba8 25. Nb3 Qb8 26. Nd4 Rcc8 27. Rb1 Ne5 28. Nxb6 Neg4 29. fxg4 Nxg4 30. Qe2 Nxe3 31. Nxc8 Bg5 32. h4 Nxd1 33. hxg5 Nc3 34. Ne7+ Kf8 35. Qe3 Nxb1 36. Nec6 Qb6 37. Nxe6+ 1-0

[Event "Wch U14 Girls"]
[Site "Belfort"]
[Date "2005.07.28"]
[Round "11"]
[White "Zaichenko, Daria"]
[Black "McVay, Karsten"]
[Result "1/2-1/2"]
[WhiteElo "2023"]
[BlackElo "1599"]
[PlyCount "54"]
[EventDate "2005.07.19"]
[EventType "swiss"]
[EventRounds "11"]
[EventCountry "FRA"]
[SourceTitle "CBM 107 Extra"]
[Source "ChessBase"]
[SourceDate "2005.09.01"]
[SourceVersion "1"]
[SourceVersionDate "2005.09.01"]
[SourceQuality "1"]

1. d4 Nf6 2. c4 g6 3. Nc3 d5 4. e3 Bg7 5. Nf3 0-0 6. Bd3 b6 7. 0-0 Bb7 8. b3 Nbd7 9. Bb2 c5 10. Rc1 Rc8 11. Qe2 cxd4 12. Nxd4 Nc5 13. cxd5 Nxd5 14. Bc4 Nxc3 15. Bxc3 Ne4 16. Bb2 e5 17. Nf3 Qe7 18. Rfd1 Rfd8 19. Rxd8+ Rxd8 20. Rd1 Nd6 21. Bd5 e4 22. Bxb7 Bxb2 23. Qxb2 Nxb7 24. Rxd8+ Qxd8 25. Nd4 Nc5 26. h3 Qd7 27. Qc2 a5 1/2-1/2

[Event "Wch U14 Girls"]
[Site "Belfort"]
[Date "2005.07.26"]
[Round "9"]
[White "Guadamuro Torrente, Anabel"]
[Black "McVay, Karsten"]
[Result "1-0"]
[WhiteElo "2084"]
[BlackElo "1599"]
[PlyCount "83"]
[EventDate "2005.07.19"]
[EventType "swiss"]
[EventRounds "11"]
[EventCountry "FRA"]
[SourceTitle "CBM 107 Extra"]
[Source "ChessBase"]
[SourceDate "2005.09.01"]
[SourceVersion "1"]
[SourceVersionDate "2005.09.01"]
[SourceQuality "1"]

1. e4 c5 2. Nf3 Nc6 3. d4 cxd4 4. Nxd4 e6 5. Nc3 Qc7 6. Be2 a6 7. 0-0 Nf6 8. Be3 Bb4 9. f3 Bxc3 10. bxc3 d5 11. Nxc6 Qxc6 12. e5 Nd7 13. Qd4 0-0 14. Bd3 f5 15. c4 dxc4 16. Bxc4 Nxe5 17. Qxe5 Qxc4 18. Rfd1 Qb5 19. Bc5 b6 20. Bd4 Qxe5 21. Bxe5 b5 22. Rd6 Ra7 23. Rad1 Kf7 24. Kf2 Re8 25. f4 g6 26. Rb6 Ree7 27. Rd8 Re8 28. Rdd6 Ree7 29. Ke3 Rac7 30. Rd8 Rxc2 31. Rh8 h5 32. Rb8 Re8 33. Rh7+ Kf8 34. a3 Rc6 35. Rg7 Re7 36. Rxg6 Rb7 37. Ra8 Rh7 38. Kf3 Kf7 39. Rf6+ Ke7 40. Ra7+ Bd7 41. Rg6 Kf7 42. Rg7+ 1-0

[Event "USA-chT Amateur East"]
[Site "Parsippany"]
[Date "2001.02.18"]
[Round "3"]
[White "Wisbauer, Robert K"]
[Black "McVay, Karsten"]
[Result "0-1"]
[WhiteElo "1883"]
[BlackElo "1246"]
[PlyCount "80"]
[EventDate "2001.02.17"]
[EventType "team-tourn"]
[EventRounds "6"]
[EventCountry "USA"]
[SourceTitle "EXT 2002"]
[Source "ChessBase"]
[SourceDate "2001.11.25"]
[SourceVersion "1"]
[SourceVersionDate "2001.11.25"]
[SourceQuality "1"]

1. Nf3 d5 2. d4 Nf6 3. e3 Bg4 4. c4 e6 5. Nc3 Ne4 6. a3 Nc6 7. cxd5 exd5 8. h3 Bh5 9. Bb5 Bd6 10. Nxd5 Bg3 11. fxg3 Qxd5 12. Bxc6+ Qxc6 13. g4 Bg6 14. 0-0 0-0 15. Ne5 Qe6 16. Nxg6 Qxg6 17. Qf3 Rfe8 18. Qf5 Qxf5 19. gxf5 Rad8 20. a4 Ng3 21. Rf3 Ne4 22. Kh2 c5 23. dxc5 Nxc5 24. Ra3 Rd1 25. b4 Nd3 26. Rc3 Nxc1 27. Rc7 Rb8 28. f6 g6 29. Rf4 Nd3 30. Rd4 Nb2 31. Re4 Rdd8 32. Ree7 Rf8 33. a5 Nd3 34. b5 Nb4 35. e4 a6 36. b6 Nc6 37. Rxb7 Nxe7 38. Rxb8 Rxb8 39. fxe7 f6 40. b7 Kf7 0-1